| 000 | 00815cab a2200241 4500 | ||
|---|---|---|---|
| 001 | ABS46378 | ||
| 008 | 090401t1992 xxu||||| |||| 00| 0 eng d | ||
| 035 | _a(Sirsi) u58003 | ||
| 041 | _aeng | ||
| 100 | _aGates, J. | ||
| 245 | _a`Village` life is put to the test | ||
| 260 | _c1992 | ||
| 350 | _a0 | ||
| 490 |
_aChartered Surveyor Weekly _v39(9) 28 May 1992, 16(1) |
||
| 520 | _aTaking the launch of Church Langley in Essex as its starting point, the article continues to discuss the phenomenon of `new villages`, looking at planning considerations and the success or failure of other contemporary schemes. | ||
| 650 | _aCHURCH LANGLEY | ||
| 650 | _aMAIDENBOWER | ||
| 650 | _aNEW SETTLEMENTS | ||
| 650 | _aPOUNDBURY | ||
| 690 | _aPROPERTY-PROPERTY DEVELOPMENT | ||
| 942 | _n0 | ||
| 948 | _c04/03/1997 | ||
| 999 |
_c35394 _d35394 |
||